000 00410nam a2200157Ia 4500
008 230711s9999||||xx |||||||||||||| ||und||
041 _aENG
082 _a720
_bTH-A
100 _aThorndike, Joseph J.
245 0 _aThree centuries of notable american architects
250 _a1st Ed.
260 _c1981
_aNew Delhi
_bAmerican Heritage Publication co
300 _a348
650 _aArchitecture
942 _cBK
999 _c2813
_d2813